000 00572nam a2200181Ia 4500
008 151202s9999||||xx |||||||||||||| ||und||
082 _bPNVM-63079
100 _aनर्‍हे शंकर.
245 _aछुपा रुस्तम.
260 _b"चिरंजीव प्रकाशन,पुणे."
260 _c63079
300 _a136
600 _aनर्‍हे शंकर.
630 _aछुपा रुस्तम.
700 _aनर्‍हे शंकर.
730 _aछुपा रुस्तम.
942 _cBOOK
999 _c1329613
_d1329610